000 01119nam a2200313Ia 4500
001 dia_1475
003 CHAP
005 20251023162755.0
008 220117s1987 xx 000 0 und d
010 _a172016
020 _a968-6165-02-9
040 _cCHAP
082 _a621.01 B57 1987
100 _aBird, R. Byron
_912912
245 _aFenómenos de transporte : un estudio sistemático de los fundamentos del transporte de una materia, energía y cantidad de movimiento /
_c R. Byron Bird, Warren E. Stewart y Edwin N. Lightfood ; traducción Fidel Mato Vázquez
260 _aMéxico :
_b Repla,
_c1987
300 _a1 v. (en varias paginaciones)
500 _aTítulo original: Transport phenomena
503 _aC/e
650 _aDinámica de fluidos
_932627
650 _aTermodinámica
_9112366
700 _aLightfood, Edwin N., coaut.
_9150838
700 _aMato Vázquez, Fidel, tr.
_9150839
700 _aStewart, Warren E., coaut.
_9150840
901 _a621.01 B57 1987
902 _aM
905 _a5232271987 mx amn 8222223322spa16
942 _cLIBRO
_2ddc
999 _c172016
_d172016